Analysis of structures (Record no. 164865)

000 -LEADER
fixed length control field 00356nam a2200133Ia 4500
008 - FIXED-LENGTH DATA ELEMENTS--GENERAL INFORMATION
fixed length control field 220217s9999||||xx |||||||||||||| ||und||
082 ## - DEWEY DECIMAL CLASSIFICATION NUMBER
Classification number 624.171VAZ
100 ## - MAIN ENTRY--PERSONAL NAME
Personal name Vazirani, V N and Ratwani, M M
9 (RLIN) 108
245 #0 - TITLE STATEMENT
Title Analysis of structures
250 ## - EDITION STATEMENT
Edition statement 16th
260 ## - PUBLICATION, DISTRIBUTION, ETC.
Place of publication, distribution, etc. Khanna publishers
Name of publisher, distributor, etc. Delhi
Date of publication, distribution, etc. 1997
300 ## - PHYSICAL DESCRIPTION
Extent xii,959p
Other physical details 110
650 ## - SUBJECT ADDED ENTRY--TOPICAL TERM
Topical term or geographic name entry element CIVIL
Holdings
Withdrawn status Lost status Damaged status Not for loan Collection code Home library Current library Shelving location Date acquired Full call number Barcode Date last seen Price effective from Koha item type
        Civil Engineering Central Library Central Library Reference 02/18/2022 624.171VAZ 54 01/06/2023 02/18/2022 Books

Powered by Koha